| 000 | 00578nam a2200181Ia 4500 | ||
|---|---|---|---|
| 005 | 20140617130637.0 | ||
| 008 | 140609s9999 xx 000 0 und d | ||
| 020 | _a9789715426565 | ||
| 050 |
_aPL 6054 _b.C332 2011 |
||
| 100 | _aCeña, Resty Mendoza. | ||
| 245 |
_aGramatikang Filipino : _bbalangkasan / _cResty Mendoza Ceña, Rocardo Ma. Duran Nolasco. |
||
| 260 |
_aQuezon, Philippines : _bUP Press, _cc2011. |
||
| 300 |
_a349 p. : _bill. ; _c23 cm. |
||
| 500 | _aIncludes bibliographical references and index. | ||
| 521 | _aGE | ||
| 942 |
_kLOC _cBK _2lcc |
||
| 999 |
_c118261 _d118261 |
||